Sturdevant's Art and Science of Operative Dentistry (Record no. 22717)

MARC details
000 -LEADER
fixed length control field 00412nam a22001697a 4500
003 - CONTROL NUMBER IDENTIFIER
control field SGT
020 ## - INTERNATIONAL STANDARD BOOK NUMBER
International Standard Book Number 9788131253458
082 ## - DEWEY DECIMAL CLASSIFICATION NUMBER
Classification number 617.6
Item number S19G
100 ## - MAIN ENTRY--PERSONAL NAME
Personal name Gopikrishna, V.
245 ## - TITLE STATEMENT
Title Sturdevant's Art and Science of Operative Dentistry
250 ## - EDITION STATEMENT
Edition statement 2nd South Asia
260 ## - PUBLICATION, DISTRIBUTION, ETC. (IMPRINT)
Name of publisher, distributor, etc Elsevier
Year of Publication 2019
300 ## - PAGE DESCRIPTION
No. of Pages 702
650 ## - SUBJECT ADDED ENTRY--TOPICAL TERM
Topical term or geographic name as entry element Operative Dentistry
653 ## - KEYWORDS--INDEX TERM
Keyword term Operative Dentistry
942 ## - ADDED ENTRY ELEMENTS (KOHA)
Source of classification or shelving scheme Dewey Decimal Classification
Koha item type Books
942 ## - ADDED ENTRY ELEMENTS (KOHA)
-- 134
Holdings
Withdrawn status Lost status Source of classification or shelving scheme Damaged status Not for loan Home library Current library Date acquired Vendor Name Cost, normal purchase price SGTU Bill Number Total Checkouts Full call number Accession No. (Barcode) Date last seen Date last borrowed Bill Date Koha item type Total Renewals
    Dewey Decimal Classification     SGT Dental Library SGT Dental Library 11/05/2022 Ahuja Book Co. Pvt. Ltd. 1915.00 SGTU 14353 52 617.6 S19G FD8666 02/06/2026 19/05/2026 16/04/2022 Books  
    Dewey Decimal Classification     SGT Dental Library SGT Dental Library 11/05/2022 Ahuja Book Co. Pvt. Ltd. 1915.00 SGTU 14353 39 617.6 S19G FD8667 20/01/2026 16/01/2026 16/04/2022 Books  
    Dewey Decimal Classification     SGT Dental Library SGT Dental Library 11/05/2022 Ahuja Book Co. Pvt. Ltd. 1915.00 SGTU 14353 38 617.6 S19G FD8668 07/11/2025 07/11/2025 16/04/2022 Books  
    Dewey Decimal Classification     SGT Dental Library SGT Dental Library 11/05/2022 Ahuja Book Co. Pvt. Ltd. 1915.00 SGTU 14353 45 617.6 S19G FD8669 29/04/2026 29/04/2026 16/04/2022 Books  
    Dewey Decimal Classification     SGT Dental Library SGT Dental Library 11/05/2022 Ahuja Book Co. Pvt. Ltd. 1915.00 SGTU 14353 17 617.6 S19G FD8670 29/04/2026 28/04/2026 16/04/2022 Books 1